| Tag |
First Indicator |
Second Indicator |
Subfields |
| LEADER |
00000cam a2200000 a 4500 |
| 001 |
in00000098552 |
| 005 |
20150924085810.0 |
| 008 |
820408s1982 nyu b 00110 eng |
| 010 |
|
|
|a 82124705
|
| 020 |
|
|
|a 0312067143 (pbk.) :
|c $9.95
|
| 035 |
|
|
|a (OCoLC)08328680
|
| 035 |
|
|
|9 AAK9653AM
|
| 039 |
0 |
|
|a 2
|b 3
|c 3
|d 3
|e 3
|
| 040 |
|
|
|a DLC
|c DLC
|d TXA
|d UtOrBLW
|
| 049 |
|
|
|a TXAM
|c [1806205]
|
| 050 |
0 |
0 |
|a GV717
|b J36
|
| 082 |
0 |
|
|a 795/.01/02854
|2 19
|
| 100 |
1 |
|
|a Jasper, Jim.
|
| 245 |
1 |
0 |
|a Basic betting :
|b the micro-computer edge /
|c by James Jasper.
|
| 264 |
|
1 |
|a New York :
|b St. Martin's Press,
|c [1982]
|
| 264 |
|
4 |
|c ©1982
|
| 300 |
|
|
|a 283 pages ;
|c 24 cm.
|
| 336 |
|
|
|a text
|b txt
|2 rdacontent
|
| 337 |
|
|
|a unmediated
|b n
|2 rdamedia
|
| 338 |
|
|
|a volume
|b nc
|2 rdacarrier
|
| 500 |
|
|
|a Includes index.
|
| 504 |
|
|
|a Bibliography: pages 277-280.
|
| 650 |
|
0 |
|a Sports betting
|x Data processing.
|
| 650 |
|
0 |
|a BASIC (Computer program language)
|
| 999 |
|
|
|a MARS
|
| 999 |
f |
f |
|s 26503fd2-25c5-3162-9812-92554d95928c
|i 5899ed07-281c-3ed4-9c2c-d79ade3f59e6
|t 0
|
| 952 |
f |
f |
|p ric
|a Texas A&M University
|b Rellis Campus
|c Joint Library Facility
|d Remote Storage
|t 0
|e GV717 J36
|h Library of Congress classification
|i unmediated -- volume
|m A14806026645
|
| 998 |
f |
f |
|a GV717 J36
|t 0
|l Remote Storage
|